El universo del canto (Record no. 187549)

MARC details
000 -LEADER
campo de control de longitud fija 00921nam a2200265 i 4500
001 - NÚMERO DE CONTROL
campo de control 187549
003 - IDENTIFICADOR DE NÚMERO DE CONTROL
campo de control ES-MaACL
005 - FECHA Y HORA DE LA ÚLTIMA TRANSACCIÓN
campo de control 20250823104627.0
008 - DATOS DE LONGITUD FIJA--INFORMACIÓN GENERAL
campo de control de longitud fija 171122s2016 sp a |||| | spa d
020 ## - NÚMERO INTERNACIONAL ESTÁNDAR DEL LIBRO
Número Internacional Estándar del Libro 978-84-16958-10-8
080 ## - NÚMERO DE LA CLASIFICACIÓN DECIMAL UNIVERSAL
Número de la Clasificación Decimal Universal 78 (091)
100 1# - ENTRADA PRINCIPAL--NOMBRE DE PERSONA
Nombre de persona Menalva Cogollu, José.
9 (RLIN) 163826
245 13 - MENCIÓN DEL TÍTULO
Título El universo del canto
Resto del título : libro, CD completo y DVD (incluye 18 videoclips) /
Mención de responsabilidad, etc. José Menalva Cogollu.
250 ## - MENCION DE EDICION
Mención de edición 1ª ed.
260 ## - PUBLICACIÓN, DISTRIBUCIÓN, ETC.
Lugar de publicación, distribución, etc. [Madrid] :
Nombre del editor, distribuidor, etc. Letras de Autor,
Fecha de publicación, distribución, etc. 2016.
300 ## - DESCRIPCIÓN FÍSICA
Extensión 598 p. ;
Dimensiones 24 cm +
Material acompañante/anejo 1 CD-Audio, 1 DVD-Vídeo.
504 ## - NOTA DE BIBLIOGRAFÍA, ETC.
Nota de bibliografía, etc. Bibliografía: p. 571-573.
650 #7 - PUNTO DE ACCESO ADICIONAL DE MATERIA--TÉRMINO DE MATERIA
Término de materia o nombre geográfico como elemento de entrada Música vocal
Fuente del encabezamiento o término
9 (RLIN) 136574
650 #4 - PUNTO DE ACCESO ADICIONAL DE MATERIA--TÉRMINO DE MATERIA
Término de materia o nombre geográfico como elemento de entrada Canto.
9 (RLIN) 135725
852 ## - LOCALIZACIÓN
Ubicación ES-MaACL
Número de control de estantería A-14038
itemnumber 194634
Sublocalización o colección R.152069
Ubicación en estantería Depósito 1
Signatura antigua Olim: N-7038
852 ## - LOCALIZACIÓN
Ubicación ES-MaACL
Número de control de estantería ROT 6/2/13
852 ## - LOCALIZACIÓN
Ubicación ES-MaACL
Número de control de estantería ROT 6/2/14
942 ## - ELEMENTOS DE ENTRADA SECUNDARIOS (KOHA)
Fuente del sistema de clasificación o colocación Clasificación decimal universal
Tipo de ítem Koha Libro impreso
Holdings
Estatus retirado Estado de pérdida Fuente del sistema de clasificación o colocación Estado de daño No para préstamo Biblioteca de origen Biblioteca actual Ubicación en estantería Fecha de adquisición Total de préstamos Signatura topográfica completa Código de barras Visto por última vez Precio de reemplazo Tipo de ítem Koha Fuente de adquisición
    Clasificación decimal universal     Biblioteca del Ateneo de Madrid Biblioteca del Ateneo de Madrid Depósito 14/05/2018   ROT 6/2/14 1198841 23/02/2023 23/02/2023 Archivo de ordenador en CD-ROM, CD o disquete  
    Clasificación decimal universal     Biblioteca del Ateneo de Madrid Biblioteca del Ateneo de Madrid Depósito 1 22/11/2017   A-14038 1198084 23/02/2023 23/02/2023 Libro impreso Donación
    Clasificación decimal universal     Biblioteca del Ateneo de Madrid Biblioteca del Ateneo de Madrid Depósito 14/05/2018   ROT 6/2/13 1198840 23/02/2023 23/02/2023 DVD